Central Library OPAC University of Rajshahi

The art of helping IV / (Record no. 45867)

MARC details
000 -LEADER
fixed length control field 00885nam a2200277 a 4500
001 - CONTROL NUMBER
control field 45867
003 - CONTROL NUMBER IDENTIFIER
rucl marc code BD-RjUL
005 - DATE AND TIME OF LATEST TRANSACTION
control field 20211209054058.0
008 - FIXED-LENGTH DATA ELEMENTS--GENERAL INFORMATION
fixed length control field 160728s1980 maua b 001 0 eng
020 ## - INTERNATIONAL STANDARD BOOK NUMBER
International Standard Book Number 0914234102
035 ## - SYSTEM CONTROL NUMBER
System control number (BD-RjUL)45985
040 ## - CATALOGING SOURCE
Original cataloging agency DLC
Transcribing agency DLC
Modifying agency BD-RjUL
Language of cataloging eng
041 ## - LANGUAGE CODE
Language code of text/sound track or separate title eng
082 ## - DEWEY DECIMAL CLASSIFICATION NUMBER
Edition number 23
Author mark and year CAA 1980
Classification number 158.3
100 10 - MAIN ENTRY--PERSONAL NAME
Personal name Carkhuff, Robert R.
9 (RLIN) 140273
245 14 - TITLE STATEMENT
Title The art of helping IV /
Statement of responsibility, etc. Robert R. Carkhuff, with Richard M. Pierce and John R. Cannon ; illustrated by Tom Capolongo
260 ## - PUBLICATION, DISTRIBUTION, ETC. (IMPRINT)
Place of publication, distribution, etc. Amherst, Mass :
Name of publisher, distributor, etc. Human Resource Development Press,
Date of publication, distribution, etc. c1980
300 ## - PHYSICAL DESCRIPTION
Pagination ii, 248 p. :
Illustrations ill ;
Size 23 cm
504 ## - BIBLIOGRAPHY, ETC. NOTE
Bibliography, etc Bibliography: p. 235-241
650 #0 - SUBJECT ADDED ENTRY--TOPICAL TERM
Topical term or geographic name as entry element Helping behavior
9 (RLIN) 140274
Topical term or geographic name as entry element Counseling
9 (RLIN) 140275
Topical term or geographic name as entry element Psychotherapy
9 (RLIN) 116610
700 1# - ADDED ENTRY--PERSONAL NAME
Personal name Pierce, Richard M.
Personal name Cannon, John R.
942 ## - ADDED ENTRY ELEMENTS (KOHA)
Source of classification or shelving scheme Dewey Decimal Classification
Koha item type Books
Holdings
Lost status Source of classification or shelving scheme Damaged status Not for loan Collection code Permanent Location Current Location Shelving location Date acquired Source of acquisition Total Checkouts Full call number Date last seen Copy number Koha item type
  Dewey Decimal Classification     Non-fiction Central Library, University of Rajshahi Central Library, University of Rajshahi   21/07/1987 Asia foundation   158.3 CAA 1980 28/07/2016 C-2 Books